000 00617nam a22001577a 4500
005 20250516100625.0
008 250516b |||||||| |||| 00| 0 eng d
020 _a978978996
100 _aDachollom C. Datiri
_d2020 Dachollom c. Datiri
245 _aFinance in the Pauline Churches:
_b A Social-Exegetical Study of the Funding of Paul's Mission and the Financial Administration of His Congregations/
_cDatiri, Dachollom C.
250 _a1st edition
_blynx communiation ltd
260 _aUK,
_bBARAKA PRESS AND PUBLISHERS LTD
_c2020
300 _bxxviii, 323p.;
_c21cm
500 _3book
_awelcome to kku libary
942 _2ddc
999 _c82
_d82